|
|
|
|
| LEADER |
00879nam a2200253 a 4500 |
| 001 |
000312379 |
| 003 |
CZ BrMZK |
| 005 |
19980105143423.0 |
| 007 |
ta |
| 008 |
980105s1991 xo f slo d |
| 040 |
|
|
|a BOA001
|b cze
|
| 041 |
1 |
|
|a slo
|a spa
|
| 080 |
|
|
|a 805.54(075.8)-054.6
|2 MRF
|
| 100 |
1 |
|
|a Baláž, Peter,
|d 1928-
|7 mzk2002113022
|4 aut
|
| 245 |
1 |
0 |
|a Lengua eslovaca para eslavistas :
|b vysokoškolská učebnica /
|c Peter Baláž, Miloslav Darovec, Jozef Šulhan
|
| 250 |
|
|
|a 1. vyd.
|
| 260 |
|
|
|a Bratislava :
|b Slovenské pedagogické nakladateľstvo,
|c 1991
|
| 300 |
|
|
|a 291 s.
|
| 500 |
|
|
|a Náz. též slov.
|
| 700 |
1 |
|
|a Darovec, Miloslav
|7 jx20041006024
|4 aut
|
| 700 |
1 |
|
|a Šulhan, Jozef,
|d 1928-
|7 jx20051227035
|4 aut
|
| 910 |
|
|
|a BOA001
|b 2-0976.848
|
| 990 |
|
|
|a BK
|
| 996 |
7 |
|
|b 2619837116
|c 2-0976.848
|l MZK
|r Sklad / do 1 hodiny
|n 0
|w 000312379
|u 000010
|a 1
|e BOA001
|j MZK50
|s A
|